1310 1460 1202 1804 1352 1349 1964 1691 1880 1470 1307 1297 1264 1979 1398 1388 1328 1344 1548 1930 1098 1550 1983 1243 1658 1738 1403 1352 1319 1961 1117 1426 1196 1977 1918 1644 1184 1077 1435 1030 1034 1058 1803 1105 1741 1840 1415 1303 1034 1356 1186 1968 1193 1539 1366 1722 1338 1839 1190 1262 1011 1789 1367 1038 1373 1353 1393 1931 1366 1214 1039 1133 1716 1519 1917 1837 1883 1354 1717 1651 1786 1649 1324 1766 1049 1423 1917 1467 1528 1539 1767 1372 1000 1900 1119 1807 1554 1084 1035 BCNSPRNW ULIB Ver.6.0+V

เปลี่ยนเป็นภาษาไทย

Change to English
 แสดงรายละเอียดบรรณานุกรม
  กลับหน้าหลัก

Brief Record : Get Marc (ISO 2709) : E-mail record : QR code < ปิดหน้าต่าง
LEADER : 00000nam 2200000uu 4500
001    13399121267
003     ULIB
008    020711s2554 th a 000 0 tha d
020    9789749688946
050    HD30.29^bธ461I
100    ธัญญา ผลอนันต์
245    iMindMap5 /^cเขียน:ธัญญา และขวัญฤดี ผลอนันต์, เขียนร่วม:โรสรินทร์ พุมฤทธิ์
260    กรุงเทพฯ :^bขวัญข้าว,^c2554
300    168 หน้า
650    แผนที่ความคิด
650    โปรแกรมคอมพิวเตอร์
700    ขวัญฤดี ผลอนันต์
700    โรสรินทร์ พุมฤทธิ์
945    ^p250^l0^i033039
945    ^p250^l0^i033040
999    ^aวรรณษา ชูชัยมงคล
รายการนี้ยังไม่มีแท็ก
คุณยังไม่ได้ล็อกอิน คุณสามารถมีกิจกรรมร่วมกับเว็บไซต์ได้ แต่ต้องล็อกอินก่อน ::
  ล็อกอิน

รายการสื่อสารสนเทศ

ลำดับที่ ประเภท เลขเรียก/บาร์โค้ด สถานที่ สถานะ
1. การศึกษาทั่วไป
หนังสือสำรอง
สถานะ=หนังสือสำรอง
HD30.29 ธ461I ฉ.1 
  Barcode: 033039
ห้องสมุดวิทยาเขตสวรรค์ประชารักษ์
►หนังสือทั่วไป
บนชั้น
2. การศึกษาทั่วไป
การศึกษาทั่วไป
HD30.29 ธ461I ฉ.2 
  Barcode: 033040
ห้องสมุดวิทยาเขตนครสวรรค์
►หนังสือทั่วไป:l:General Books
บนชั้น

รายการใกล้เคียง
    ผู้แต่ง [ธัญญา ผลอนันต์]

    หัวเรื่อง [แผนที่ความคิด]
    หัวเรื่อง [โปรแกรมคอมพิวเตอร์]

BibComment


ยังไม่เคยถูกคอมเมนท์

คอมเมนท์ทรัพยากรรายการนี้
  คอมเมนท์: iMindMap5 เขียนธ..


 Copyright 2026. Bcnsprnw @Library